[Event "E World Chess Championship 2021"]
[Site "FIDE"]
[Date "2021.12.01"]
[Round "5"]
[White "Nepomniachtchi, Ian"]
[Black "Carlsen, Magnus"]
[Result "1/2-1/2"]
[WhiteElo "2782"]
[BlackElo "2855"]
[EventDate "2021.??.??"]
[Annotator "samsh"]
[PlyCount "85"]
[Beauty "5981949919238"]
[EventType "match"]
[EventRounds "9"]
[EventCountry "FID"]

{Game five saw the fifth draw, but in my opinion, it was the most interesting one yet and one that should give Magnus a lot of confidence moving forward.} 
1.e4 e5 2.Nf3 Nc6 3.Bb5 a6 4.Ba4 Nf6 5.O-O Be7 6.Re1 b5 7.Bb3 O-O 8.a4 Rb8 {Magnus is the first to deviate from game 3.} ( 8...Bb7 {This was his choice previously. He got an awkward-looking position but equalized without a ton of trouble. Given that he shifted gears as early as move eight this time, I wonder if he also would have shifted gears against 8.h3 and not repeated the ending from game one.} ) 9.axb5 axb5 10.h3 d6 11.c3 b4 {Magnus was playing fast enough that this was certainly still preparation. He is taking a very different route to preparing than I would have expected—the machine is reasonably enthuastic about White's chances here, and while eventually it calms down a bit, it does feel like he should be a little better. It's hard for me to imagine that Magnus did not reach the same conclusion, but he seems completely unfazed and not to care about what the computer is saying. This is quite a refreshing style to see sometimes!} 12.d3 bxc3 13.bxc3 d5 14.Nbd2 {Computers claim this is the best move, though White could also take on d5.} ( 14.exd5 Nxd5 15.Qc2 {I'm not the biggest expert on the Spanish or Italian, but this seems like a really dangerous version for Black to me. He is a very long way from solving the problem of the misplaced c6-knight and the e5-pawn is annoying to defend... This feels like real pressure to me.} ) 14...dxe4 15.dxe4 Bd6 16.Qc2 h6 17.Nf1 Ne7 18.Ng3 Ng6 $6 {This is a very automatic move, but probably also inaccurate. Black would have been well-advised to try to get his bishop to e6 as soon as possible.} ( 18...Bd7 $1 {Black is ready for Qc8 and Be6 next. He is still a bit worse but I like his chances of equalizing better than what occurred in the game.} ) 19.Be3 {Now White has the not-so-subtle plan of pushing c4-c5, gaining a ton of space and getting ready to cause direct problems on the d-file. Around here, I was sitting in a restaurant with a strong GM friend and watching the game without the machine running, and when we sparred a bit and played some sample moves, we felt the position was extremely uncomfortable for Black. This plan of c4-c5 is incredibly hard to stop, both white bishops are better than their black counterparts, black's queen has real trouble finding a sensible square—it all seems very unpleasant. But this is why Magnus is so strong. When he has a solid position without immediate weaknesses, it's almost like watching a magician the way he can coordinate his pieces. Not only did he hold—he made it look easy! I would imagine anyone else would have a really tough time on the black side of this position.} 19...Qe8 ( 19...Qe7 {The computer prefers this move, with the point that after} 20.Nf5 {The black queen can come back to d8, and apparently the knight on f5 could be misplaced because 21. c4 will be met with 21...Nxe4, pointing out the knight is no longer on g3 to take back. Humans do not play chess like this.} 20...Qd8 $1 21.c4 $2 Nxe4 $1 ) 20.Red1 $6 {This is too ambitious. I suspect Nepo wanted c3-c4, intending c4-c5 without allowing c7-c5 in response, but this was too slow.} ( 20.c4 {This should have been preferred, but now and only now, after White has blocked in his bishop, Black can respond with ...c7-c5.} 20...c5 $1 {Neither bishop is too great, and after} 21.Red1 Qc6 $1 {Black is ready for Be6 next. The machines still give White a nice plus, but Black is super solid and it will be very hard to make any further progress.} ) 20...Be6 $1 {Black now trades off one bad bishop for a good one.} 21.Ba4 Bd7 22.Nd2 Bxa4 23.Qxa4 Qxa4 $1 {And now he trades off the queens too. Two of his problem pieces have been traded for two of White's superior ones. Black now only has one bad bishop, and that bad bishop protects good pawns. There are no weaknesses and, just a few moves after, I thought Magnus could be in real trouble. It is very equal.} 24.Rxa4 Ra8 25.Rda1 Rxa4 26.Rxa4 Rb8 27.Ra6 Ne8 28.Kf1 Nf8 29.Nf5 Ne6 30.Nc4 Rd8 {White's position looks impressive, but all of his pieces are already on their best squares and it cannot be built up any further. It is a very bad sign for his winning chances that the machine recommends Nf5-g3.} 31.f3 f6 32.g4 Kf7 33.h4 Bf8 34.Ke2 Nd6 35.Ncxd6+ Bxd6 36.h5 Bf8 {Black has a clear fortress. No further progress will be made.} 37.Ra5 Ke8 38.Rd5 Ra8 39.Rd1 Ra2+ 40.Rd2 Ra1 41.Rd1 Ra2+ 42.Rd2 Ra1 43.Rd1 {Today was the first time that Nepo got a clear edge with no counterplay whatosever. I'm not convinced Magnus equalized in game 1, but the bishops offered good practical counter-chances and he quickly found himself better. Nepo was better in game 2, but it was a wildly complicated position and White's incredibly active pieces gave him plenty to fight back with. But today, Black's position just looked miserable. The fact that Magnus held almost effortlessly is a very good sign for the World Champion and should hopefully convince him that he can take more risks, knowing that his defensive skills will offer him good saving chances in case ambitious play backfires. Tomorrow is a rest day, and now that Magnus knows what team Nepo has planned for both 1.e4 and 1.d4, he will have a lot of time to choose a direction he feels appropriate and try to make trouble. Call me crazy, but I expect we will get a much more lively game in the 6th round.} 1/2-1/2

[Event "E World Chess Championship 2021"]
[Site "FIDE"]
[Date "2021.12.04"]
[Round "7"]
[White "Nepomniachtchi, Ian"]
[Black "Carlsen, Magnus"]
[Result "1/2-1/2"]
[WhiteElo "2782"]
[BlackElo "2855"]
[EventDate "2021.??.??"]
[Annotator "samsh"]
[PlyCount "81"]
[Beauty "6117241389576"]
[EventType "match"]
[EventRounds "9"]
[EventCountry "FID"]

{The seventh game of the match was one of the quietest yet, and Magnus certainly made his easiest draw so far with the black pieces.} 
1.e4 e5 2.Nf3 Nc6 3.Bb5 a6 4.Ba4 Nf6 5.O-O Be7 6.Re1 b5 7.Bb3 O-O 8.a4 Rb8 {Magnus repeats the same line from game five. It shows a lot of confidence on his part to keep playing the same black openings over and over again, even when he is often getting somewhat uncomfortable positions.} 9.axb5 axb5 10.h3 d6 11.d3 ( 11.c3 {This was Nepo's choice in game five, and he got a nice position. I'm a little surprised he was the first to deviate.} ) 11...h6 12.Nc3 Re8 {This is a very typical Ruy Lopez regrouping.} 13.Nd5 Bf8 14.Nxf6+ Qxf6 15.c3 Ne7 16.Be3 Be6 {So far, both sides are following the first line of the machine pretty consistently. Stockfish offers White a small advantage, but Black is very solid, and all it takes is one slightly careless move for it to become totally equal.} 17.d4 $2 {This is a very natural idea, but a touch impatient, and just like that, Black is fine.} ( 17.Bc2 {I would suggest this as a possible improvement. Now, White is ready for d3-d4 next to take more central space without letting Black take on b3. As a result, Black is not able to trade pieces, and White will have no issue defending the e4-pawn. He looks a little better to me, though after} 17...Ng6 18.d4 Ra8 {Black's position is still very solid.} ( 18...exd4 19.cxd4 c5 {This kind of thing is much less effective when the light-squared bishops remain on the board. After} 20.Ra7 {White looks a bit better. c5-c4 is a non-starter here, unlike the game.} ) ) 17...exd4 $1 18.cxd4 Bxb3 19.Qxb3 Ng6 {Defending e4 turns out to be a bit annoying.} 20.Rec1 c5 $1 {Now, since the bishops are off the board, White can't just protect the e4 pawn and hope for some edge since c5-c4 is a real idea.} 21.e5 {This all but forces a draw, but White has nothing better. I think it shows some maturity on Nepo's part. Right after losing, it's hard to just admit you got nowhere with White and give your opponent an easy draw, and then play Black again the next day, but it's a lot better to do this than to get another bad position, which was the other option. His best hope is to hold with Black tomorrow and then hope to get more chances in his three remaining white games.} ( 21.Qc2 c4 $1 $15 {The same position where Black still has a bishop on e6 and White has a bishop on e2, for example, would be great for White thanks to some combination of d4-d5, Ra1-a7, Nf3-d4, b2-b3, etc. But without the bishops, d4-d5 does not gain time and Ng6-e5 in response sees Black quick to take over the initiative and pounce on the weakened d3-square.} ) 21...Qf5 22.dxc5 {Maybe someone more creative than me could find something interesting to say about the rest of the game, but I certainly cannot.} 22...dxc5 23.Bxc5 Bxc5 24.Rxc5 Nxe5 25.Nxe5 Rxe5 26.Rxe5 Qxe5 27.Qc3 Qxc3 28.bxc3 Rc8 29.Ra5 Rxc3 30.Rxb5 Rc1+ 31.Kh2 Rc3 32.h4 g6 33.g3 h5 34.Kg2 Kg7 35.Ra5 Kf6 36.Rb5 Kg7 37.Ra5 Kf6 38.Rb5 Kg7 39.Ra5 Kf6 40.Ra6+ Kg7 41.Ra7 {I'll be interested to see if Magnus can make any trouble for Nepo in the opening tomorrow. Yesterday's victory was certainly not due to superior preparation.} 1/2-1/2

[Event "E World Chess Championship 2021"]
[Site "FIDE"]
[Date "2021.12.05"]
[Round "8"]
[White "Carlsen, Magnus"]
[Black "Nepomniachtchi, Ian"]
[Result "1-0"]
[WhiteElo "2856"]
[BlackElo "2782"]
[EventDate "2021.??.??"]
[Annotator "samsh"]
[PlyCount "91"]
[Beauty "7285740929033"]
[EventType "match"]
[EventRounds "9"]
[EventCountry "FID"]

{I think Nepo tilted a little bit in game 8. He had thus far played a very good match, only losing a single game, and it took 136 moves for him to go down-the longest game in world championship history, in fact. But today, he looked like a shadow of himself, and made a lot of poor decisions, and Magnus more or less cruised through.} 
1.e4 e5 2.Nf3 Nf6 3.d4 Nxe4 4.Bd3 d5 5.Nxe5 Nd7 6.Nxd7 Bxd7 7.Nd2 $5 {This is a very rare move with basically no games played by anyone notable, but it's actually quite a bit more challenging than it looks. It's funny that White aims to make the game *more* symmetrical in the Petroff as an attempt to fight for an advantage, but in this particular case, it does seem quite challenging.} 7...Nxd2 8.Bxd2 {Now, Nepo played Bd6 very quickly, but I already think this is a mistake.} 8...Bd6 $2 ( 8...Qe7+ $1 {I think this surprising move is the best way to fight for equality. White has to move his king to avoid a queen exchange.} 9.Kf1 ( 9.Be3 {I suppose this is possible too, but after} 9...Qb4+ 10.Qd2 Qxd2+ 11.Kxd2 Bd6 $11 {Black should be totally fine in spite of the machine's insistence on +0.2.} ) 9...O-O-O {Black should be okay here. I suspect Magnus was aiming for this position and found some interesting way to coordinate his pieces that makes Black find some move or two, but it's hard to imagine Black can really have too many major issure here. At least the opposite-side castling allows for some dynamism.} ) 9.O-O {Now, suddenly things do not look so easy for Black. He cannot castle due to Qh5, winning a pawn, and otherwise Re1+ is coming.} 9...h5 $1 {This strikes me as the best practical decision. Black keeps the queen off of h5, and can hope for Qh4 to come next. Then, it will be a bit annoying for White to stop the mate threat since g2-g3 will eventually walk into h5-h4.} 10.Qe1+ $6 {This is soft. I was very surprised by this move pair—White allows Qe7, which should equalize easily, and then Black doesn't play it!} ( 10.c4 $1 {The machine gives this as clearly best. It makes a lot of sense—Black is not castling due to the hanging h5-pawn, so let's blow up the center.} 10...dxc4 11.Bxc4 Qh4 12.Re1+ Kf8 13.Qf3 $1 {This is one computer line that is not so easy for a human to spot. Qf3 is the only move for an advantage, and it is possible that Magnus missed it or misevaluated it once Black gets the h2-pawn.} ) 10...Kf8 $2 {This strikes me as very poor. Once the dark-squared bishops trade, Black will have no attack, and the rook on h8 will be out of play. Around here, I joined Hikaru's stream, and he thought that Nepo was already trying to be ambitious and not make a draw with Black, but instead trying to win on command with a kingside attack since he had already committed to h7-h5. But Qd8-e7 looked so natural and like it would equalize easily, and if Nepo was looking to get a sharper game with Black, why play the Petroff in the first place? It all did not seem to add up.} ( 10...Qe7 {This was best, and it looks very equal. Now that Black no longer has to worry about a rook coming to e1, he can castle on either side next and should be totally fine in the resulting symmetrical position.} ) 11.Bb4 $1 {This prevents Qh4 from forcing a kingside weakness. Now, Black is a little worse thanks to the difficulty of getting the h8-rook into play.} 11...Qe7 12.Bxd6 Qxd6 13.Qd2 Re8 14.Rae1 Rh6 $2 {According to the timestamp, Nepo played this move in under 2 minutes. It makes perfect sense to try to swing the rook to e6 to fight for the e-file, but the rook ends up frozen on h6 as the h5-pawn is loose.} 15.Qg5 $1 {Now, it will be a nightmare to get the h6-rook into play.} 15...c6 {Preparing for Qf6 by overprotecting d5. But this does not solve Black's problems.} 16.Rxe8+ Bxe8 17.Re1 Qf6 18.Qe3 ( 18.Qg3 $1 {Hikaru and I discussed this move a bit on his stream. It looks very powerful, but you have to notice that after} 18...Qxd4 {There is a silent killer in} 19.Bf5 $1 {When Re6 is prevented, and Black is helpless to prevent an invasion on b8.} ) 18...Bd7 19.h3 h4 ( 19...g5 {This looked more natural to me. Black can plan Kg7 and Rh8-e8 next. It's still not easy, but he should have reasonable holding chances.} ) 20.c4 $1 {White aims to open the center while the h6-rook remains sidelined. Black is undoubtedly a little uncomfortable here, but it is far from critical just yet. Around here, Nepo started to drift a lot.} 20...dxc4 {This is not a bad move, per se, but it is a very dangerous one since it allows the bishop to come to c4, lasering down on the f7-pawn, and it also frees the third rank for the queen to come to a3. It's a little strange to play this move and not have the next move ready—White is obviously taking back on c4. So I was surprised when Nepo took some time to play his next move, which lost the game immediately.} ( 20...g5 {In light of how things went, this might have been a better choice, again aiming for Kg7 next. After} 21.cxd5 cxd5 22.Rc1 {White is surely a little better, but Black is still very solid after either Qe7 or Bc6, and he has good defensive chances.} ) 21.Bxc4 b5 ( 21...Kg8 $1 {This was absolutely the only move, getting the king off of f8 so that Qa3 does not come with check and Black would be able to play Qxd4 in response. Still, it looks very scary after} 22.Qe7 Be6 23.Qe8+ Kh7 24.Bxe6 fxe6 25.Re4 $1 {The machine does not mind Black's position, but it looks very unpleasant for a human. Still, this was absolutely the only way, and if you want to take on c4, you need to see this in advance.} ) 22.Qa3+ $1 Kg8 23.Qxa7 {I suspect Nepo was planning on taking h3 here when he chose to play b5 but only now realized there would follow Qxf7+ and Re8+, with a pawn-up ending for White. This is not totally obvious to see, but it is not wildly difficult either and it's surprising that a player of Nepo's calibur would not notice it, particularly given his strong play in previous games, but I can't really find another explanation for b5.} 23...Qd8 ( 23...Bxh3 {This was still the best option. After} 24.Qxf7+ $1 Qxf7 25.Re8+ Kh7 26.Bxf7 Bf5 $16 {White is a clean pawn up, but there is still some work to do. I do think it should be technically winning though, at least if Black is unable to trade the bishops.} ) 24.Bb3 {The rest was an easy cleanup for Magnus. He is a pawn up, his pieces are much more active, and Black has no counterplay at all. Nepo found nothing better than transitioning into a hopeless queen endgame.} 24...Rd6 25.Re4 Be6 26.Bxe6 Rxe6 27.Rxe6 fxe6 28.Qc5 Qa5 29.Qxc6 Qe1+ 30.Kh2 Qxf2 31.Qxe6+ Kh7 32.Qe4+ Kg8 33.b3 Qxa2 34.Qe8+ Kh7 35.Qxb5 Qf2 36.Qe5 Qb2 37.Qe4+ Kg8 38.Qd3 Qf2 39.Qc3 Qf4+ 40.Kg1 Kh7 41.Qd3+ g6 42.Qd1 {A nice final touch. Black will never get another check once the king sits on h1, and White can shove the d-pawn down the board.} 42...Qe3+ 43.Kh1 g5 44.d5 g4 45.hxg4 h3 46.Qf3 {This was the first of the 8 games where I felt one of the players really just had a bad day. After scoring 0.5/3 in the last 3 games, Nepo is surely looking forward to the rest day tomorrow, when he can hope to regroup a little bit, press the reset button, and come back ready to fight on Tuesday. If I were on his team, I would suggest going for something sharper and more risky than what he has done so far—these slight advantages in the Spanish are playing right into Magnus' wheelhouse; he is easily holding every time. While on stream with Hikaru, we learned that the last time Magnus lost with Black in the Spanish in classical chess was 2015!} 1-0